000 00400cam a22001217a 4500
008 180718b1965 xxu||||| |||| 00| 0 eng d
082 _aA81x54 In2/61/Vol 9/Pt 6-21
100 _aCensus of India 1961
245 _aMadras: village survey monographs, Kilokottai
260 _aDelhi
_bThe Manager of Publications
_c1965
300 _a127+p.
440 _aCensus of India 1961. Volume IX, Madras. Part VI-21
999 _c484259
_d484259